000 00290nam a22001217a 4500
020 _a071673771x
100 _aANTHONY J. F. GRIFFITHS
245 _aAN INTRODUCTION TO GENETICS ANALYSIS
250 _aSEVENTH
260 _aNEW YORK
_bW.H. FREEMAN
_c1999
300 _a860
_bILL
942 _cBK
999 _c251905
_d251904